000 00576nam a2200217 4500
001 33957
010 _a9789722073509
021 _aPT
_b486447/21
090 _a33957
100 _a20220609 frey50
101 _apor
102 _aPT
200 _aO pai mais horrível do mundo
_fJoão Miguel Tavares
_gil. João Fazenda
205 _a1ª. ed.
210 _aAlfragide
_cDom Quixote
_d2021
215 _a[42] p.
_cil.
_d23 cm
700 _4070
_95400
_aTavares
_bJoão Miguel
702 _4440
_92934
_aFazenda
_bJoão
_f1979-
801 _aPT
_gRPC
990 _cLIVROS
994 _aCOMP